| 000 | 00347nam a2200145Ia 4500 | ||
|---|---|---|---|
| 005 | 20250313143922.0 | ||
| 008 | 240331s9999 xx 000 0 und d | ||
| 082 |
_bGAN _a894 |
||
| 100 | _aGanesalingam,Y | ||
| 245 | 0 | _aYavarum kelir | |
| 260 |
_aColombo _bLuxshmi Achagam _c2004 |
||
| 300 | _aViii, 140 p ., | ||
| 650 | _aShort Stories | ||
| 942 | _cL | ||
| 999 |
_c3753 _d3753 |
||